书目信息 |
| 题名: |
新概念室内设计
|
|
| 作者: | ;王家俊 , 周丽华 译 ;亚高建筑师及出版商工作室 编著 | |
| 分册: | ||
| 出版信息: | 贵阳 贵州科技出版社 2003.04 |
|
| 页数: | 175页 | |
| 开本: | 24cm | |
| 丛书名: | ||
| 单 册: | ||
| 中图分类: | TU , TU238.2-64 | |
| 科图分类: | ||
| 主题词: | 建筑设计 | |
| 电子资源: | ||
| ISBN: | 7-80662-239-X | |
| 000 | 00839nam0 2200229 45 | |
| 001 | 0352725498 | |
| 005 | 2003032514384545 | |
| 010 | @a7-80662-239-X@dRMB 160.00 | |
| 100 | @a20030325d2003 km y0chiy0120 ea | |
| 101 | 0 | @achi |
| 102 | @aCN@b520000 | |
| 200 | 1 | @a新概念室内设计@Axin gai nian shi nei she ji@f(西班牙)亚高建筑师及出版商工作室编著@F(Xi Ban Ya)Ya Gao Jian Zhu Shi Ji Chu Ban Shang Gong Zuo Shi Bian Zhu@g王家俊,周丽华译@GWang Jia Jun,Zhou Li Hua Yi |
| 210 | @a贵阳@c贵州科技出版社@d2003.04 | |
| 215 | @a175页@d24cm | |
| 606 | 0 | @a建筑设计 |
| 690 | @aTU@v3 | |
| 690 | @aTU238.2-64@v4 | |
| 702 | 0 | @a王家俊@AWang Jia Jun@4译 |
| 702 | 0 | @a周丽华@AZhou Li Hua@4译 |
| 711 | 0 | @a亚高建筑师及出版商工作室@AYa Gao Jian Zhu Shi Ji Chu Ban Shang Gong Zuo Shi@4编著 |
| 801 | 0 | @aCN@bPFT@c20030325 |
| 905 | @a10447@dTU238.2-64@eY017 | |
| 新概念室内设计/(西班牙)亚高建筑师及出版商工作室编著/王家俊,周丽华译.-贵阳:贵州科技出版社,2003.04 |
| 175页;24cm |
| ISBN 7-80662-239-X:RMB 160.00 |
| ● |
| 相关链接 |
|
|
|
正题名:新概念室内设计
索取号:TU238.2-64/Y017
 
预约/预借
| 序号 | 登录号 | 条形码 | 馆藏地/架位号 | 状态 | 备注 |
| 1 | 367547 | 203675479 | 建筑库101/101建筑库 57排2列4层/ [索取号:TU238.2-64/Y017] | 在馆 |